000 00290nam a22001217a 4500
008 181015b xxu||||| |||| 00| 0 eng d
041 _aeng
080 _26th
_a510
100 _a38
101 _aMAT
245 _aMathematical Reasoning for Elementary Teachers
_cLong,C.T
942 _2udc
_cBK
999 _c49640
_d49640